| 000 -LEADER |
| fixed length control field |
00458nam a22001577a 4500 |
| 008 - FIXED-LENGTH DATA ELEMENTS--GENERAL INFORMATION |
| fixed length control field |
200313b ||||| |||| 00| 0 eng d |
| 100 ## - MAIN ENTRY--PERSONAL NAME |
| Personal name |
Dhanimol MM |
| 245 ## - TITLE STATEMENT |
| Title |
Managing cultural diversity: Inclusive and exclusive approaches |
| 260 ## - PUBLICATION, DISTRIBUTION, ETC. (IMPRINT) |
| Name of publisher, distributor, etc |
World Affairs |
| 300 ## - PHYSICAL DESCRIPTION |
| Extent |
23(4), Oct-Dec, 2019: p.26-35. |
| 650 ## - SUBJECT ADDED ENTRY--TOPICAL TERM |
| Topical term or geographic name as entry element |
Cultural diversity |
| 9 (RLIN) |
16757 |
| 650 ## - SUBJECT ADDED ENTRY--TOPICAL TERM |
| Topical term or geographic name as entry element |
Pluralism |
| 9 (RLIN) |
16758 |
| 773 ## - HOST ITEM ENTRY |
| Main entry heading |
World Affairs |
| 906 ## - LOCAL DATA ELEMENT F, LDF (RLIN) |
| Subject DIP |
Culture |
| 942 ## - ADDED ENTRY ELEMENTS (KOHA) |
| Source of classification or shelving scheme |
|
| Item type |
Articles |